00378nam a2200133 450000500170000000800410001710000160005824500480007425000120012226000540013430000280018894200150021699900130023120260227093040.0260227b |||||||| |||| 00| 0 eng d aSelmon A. C aThe New Health and Longevityc/A. C. Selmon a21st ed aIndia;bOriental Watchman Publishing House;c1963 aviii, 421p.ill;c20.3cm 2lccn0cBK c179d179